000 01230cam a22002415a 4500
001 L159232
008 160321s2015 xxk f 000 0 eng d
020 _a9781859466179
035 _a(Sirsi) u159232
041 0 _aeng
050 0 4 _a692.2
100 1 _aEvans, Huw
245 0 0 _aGuide to the Building Regulations
250 _a3rd
260 _aLondon
_bRIBA Publishing
_c2015
300 _avii, 456p, 28cm
520 _aThis 3rd edition has been fully revised to incorporate the 2015 amendments to the Building Regulations. With clear guidance on the essentials of the Building Regulations setting out the key compliance requirements to help designers and construction professionals produce safe and attractive buildings. Includes information on the introduction of optional requirements in Schedule 1 of the Building Regulations, a new fittings approach to water efficiency as an alternative to the Water Efficiency Calculator and the introduction of brand new Part Q (security) with new provisions for domestic doors and windows in order to prevent unauthorised access.
590 _aKA
651 4 _aENGLAND AND WALES
690 _aBuilding regulations
_96224
690 _aBuilding control
_96222
942 _n0
999 _c115753
_d115753